00582cam a2200181 a 4500020001500000020001800015082001400033245011700047250001200164260004000176300003600216504005100252650002100303650001900324650001900343700001900362700001900381 a190554183X a978190554183604a361.3094100aSocial work models, methods and theories :ba framework for practice /cedited by Paul Stepney and Deirdre Ford. a2nd ed. aLyme Regis :bRussell House,c2012. axviii, 305 p. :bill. ;c21 cm. aIncludes bibliographical references and index. 0aSocial case work 0aSocial service 0aSocial service1 aStepney, Paul.1 aFord, Deirdre.